Obchodné systémy na svetových burzách diplomová práca

Na minha lista:
Detalhes bibliográficos
Autor principal: Krajčovičová, Martina
Autor Corporativo: Národohospodárska fakulta EU. Katedra bankovníctva a medzinárodných financií
Outros Autores: Chovancová, Božena
Formato: Livro
Idioma:eslovaco
Publicado em: Bratislava 2008
Tags: Adicionar Tag
Sem tags, seja o primeiro a adicionar uma tag!

MARC

LEADER 00000nam$a2200000$$$4500
001 0076753
005 20240201115823.9
041 0 |a slo 
044 |a SK 
245 1 0 |a Obchodné systémy na svetových burzách  |b diplomová práca  |c Martina Krajčovičová ; škol. Božena Chovancová 
264 1 |a Bratislava  |c 2008 
300 |a 73 s. 
100 1 |a Krajčovičová, Martina 
700 1 |a Chovancová, Božena 
710 2 |a Národohospodárska fakulta EU. Katedra bankovníctva a medzinárodných financií